000 00635nam a2200169 a 4500
008 060316s1992 ||||||||||||||||| || u
020 _a0747511519
050 _aPR 6068.O5B4
100 _aRonan, Frank, 1963-
245 1 4 _aThe better angel
260 _aLondon :
_bBloomsbury
_c1992
300 _a179 p.
350 _a0.00
650 _aENGLISH LANGUAGE
995 _D0.00
_FCBU-MAIN LIBRARY (Kitwe)
_H2
_I15.99
_M1
_UAVAILABLE
_ZFiction Collection
995 _D0.00
_FCBU-MAIN LIBRARY (Kitwe)
_H1
_I15.99
_M1
_UAVAILABLE
_ZFiction Collection
999 _c81070
_d81070